Landlords on guard after rights of way ruling (Record no. 65765)
[ view plain ]
| 000 -LEADER | |
|---|---|
| fixed length control field | 01092cam a2200217 4500 |
| 001 - CONTROL NUMBER | |
| control field | ABS63328 |
| 008 - FIXED-LENGTH DATA ELEMENTS--GENERAL INFORMATION | |
| fixed length control field | 000000n2001 000 0 eng u |
| 035 ## - SYSTEM CONTROL NUMBER | |
| System control number | (Sirsi) u110283 |
| 100 ## - MAIN ENTRY--PERSONAL NAME | |
| Personal name | Haniff, M |
| 245 ## - TITLE STATEMENT | |
| Title | Landlords on guard after rights of way ruling |
| 260 ## - PUBLICATION, DISTRIBUTION, ETC. | |
| Date of publication, distribution, etc. | 2001 |
| 490 ## - SERIES STATEMENT | |
| Series statement | CSM (Chartered Surveyor Monthly) |
| Volume/sequential designation | January 2001 |
| 520 ## - SUMMARY, ETC. | |
| Summary, etc. | Looks at the case of "B&Q plc v Liverpool and Lancashire Properties Ltd" and the implications of the case for a landlord's right to alter rights granted in a lease. B&Q were successful in preventing the landlord from reducing the size of a turning circle as part of its access. The outcome of the case hinged on whether there was 'substantial interference' and the article considers how this affected the case and looks at an argument of 'ample right' as a more proper test in such as case as this. |
| 590 ## - LOCAL NOTE (RLIN) | |
| Local note | ABS |
| 650 ## - SUBJECT ADDED ENTRY--TOPICAL TERM | |
| Topical term or geographic name entry element | RIGHT OF ACCESS |
| 650 ## - SUBJECT ADDED ENTRY--TOPICAL TERM | |
| Topical term or geographic name entry element | INTERFERENCE |
| 650 ## - SUBJECT ADDED ENTRY--TOPICAL TERM | |
| Topical term or geographic name entry element | B&Q PLC V LIVERPOOL & LANCASHIRE PROPERTIES LTD |
| 690 ## - LOCAL SUBJECT ADDED ENTRY--TOPICAL TERM (OCLC, RLIN) | |
| Topical term or geographic name as entry element | LANDLORD AND TENANT-LEASES-CASE LAW |
| 700 ## - ADDED ENTRY--PERSONAL NAME | |
| Personal name | Langstaff, D |
| 942 ## - ADDED ENTRY ELEMENTS (KOHA) | |
| Suppress in OPAC | 0 |
| Withdrawn status | Lost status | Source of classification or shelving scheme | Damaged status | Not for loan | Home library | Current library | Shelving location | Date acquired | Total Checkouts | Full call number | Barcode | Date last seen | Copy number | Price effective from | Koha item type |
|---|---|---|---|---|---|---|---|---|---|---|---|---|---|---|---|
| Dewey Decimal Classification | London | London | Journal article | 10/01/2001 | ABS63328 | 110283-1001 | 06/08/2019 | 1 | 06/08/2019 | Journal article |